00366 a2200133 450000100060000002000240000604000220003010000300005224000360008224500310011830000110014936200090016065000630016967279 a8524907525 (broch.) cAnchieta - Pituba aAfonso, Almerindo Janela.10aAvaliação educacional lpor10aAvaliação educacional  a151p. 0 a2005 4aExames e testes, prognóstico acadêmico e colocação